| 000 | 003460000a22001450004500 | ||
|---|---|---|---|
| 005 | 20120302062857.0 | ||
| 942 | _cBOOK | ||
| 100 | _a DIXIT , RAJESH | ||
| 245 | _a BIOCHEMIC CHIKITSA SAAR | ||
| 260 | _aMATHURA : BHASHA BHAVAN ,1998 | ||
| 300 | _a269 P. | ||
| 040 | _aHIN | ||
| 365 | _bRS.30/- | ||
| 650 | _aROG / CHIKITSA / UPACHAR /PADDHATI | ||
| 999 |
_c357920 _d357917 |
||